La vaga ambición /

Gespeichert in:
Bibliographische Detailangaben
1. Verfasser: Ortuño, Antonio (autor)
Format: Buch
Sprache:Spanisch
Veröffentlicht: Madrid, España : México : Páginas de Espuma ; Colofón, 2017, c2017
Schriftenreihe:(Voces/Literatura ; 244)
(Premio Ribera del Duero)
Schlagworte:
Tags: Tag hinzufügen
Keine Tags, Fügen Sie das erste Tag hinzu!

MARC

LEADER 00000nam^a2200000^a^4500
001 000410393
005 20250521000000.0
009 20260310122045.564
020 |a 978-968-867-896-1 
037 |a Acervo ITESO - Biblioteca 
041 |a ESP 
082 |a 863.  |b ORT 
100 |a Ortuño, Antonio  |e (autor) 
245 1 3 |a La vaga ambición /  |c A. Ortuño. 
264 4 |a Madrid, España :  |b Páginas de Espuma ;  |a México :  |b Colofón,  |c 2017, c2017 
300 |a 118 p. 
336 |a texto  |b txt  |2 rdacontenido 
337 |a sin mediación  |b n  |2 rdamedio 
338 |a volumen  |b nc  |2 rdasoporte 
440 1 |a (Voces/Literatura ;  |v 244) 
440 1 |a (Premio Ribera del Duero) 
521 |a FIL 2018 DIA 
545 0 |a Antonio Ortuño (Guadalajara, 1976), narrador y periodista jalisciense, autor de las novelas El buscador de cabezas (2006), Recursos humanos (2007), Anima (2011), La fila india (2013) y Méjico (2015), así como de los libros de cuentos El jardín japonés (2006), Lado B Carne (2008), La Señora Rojo (2010) y Agua corriente (2015), entre otros. Con una prosa ágil, eficaz y contundente, además de un control exacto del lenguaje, ha creado un mundo de ficción decadente, cínico y violento, que estremece a sus lectores para mostrar la frustración del ser humano y su incapacidad de integración a la sociedad; a pesar de su temática, Ortuño no ve su obra literaria como una denuncia social. Desde una visión pesimista y con humor negro y satírico, narra historias extremas de odio y resentimiento que le permiten explorar las contradicciones de sus personajes, también extremos. 
649 |a XX 
650 |a Cuentos Jaliscienses 
650 |a Cuentos Mexicanos 
650 |a Literatura Jalisciense -  |y Siglo XXI 
650 |a Literatura Mexicana -  |y Siglo XXI 
910 |a Fondo General 
920 |a Impresos - Libros 
930 |a Colección General 
940 |a Literatura 
905 |a 101 
901 |a 0500319088  |b IT1  |c LIT  |i C163653  |u 20250521 
902 |a https://opac.biblio.iteso.mx/vufind/Record/000410393